Mapping of the soil / (Record no. 16706)
[ view plain ]
| 000 -LEADER | |
|---|---|
| fixed length control field | 00459cam a22001694a 4500 |
| 020 ## - INTERNATIONAL STANDARD BOOK NUMBER | |
| ISBN | 157808363X |
| 040 ## - CATALOGING SOURCE | |
| Transcribing agency | DLC |
| 041 1# - LANGUAGE CODE | |
| Language code of original and/or intermediate translations of text | fre |
| 082 00 - DEWEY DECIMAL CLASSIFICATION NUMBER | |
| Classification number | 631 SCI 2006 A110 Or. |
| 100 1# - MAIN ENTRY--AUTHOR NAME | |
| Personal name | Legros, Jean-Paul. |
| 245 10 - TITLE STATEMENT | |
| Title | Mapping of the soil / |
| 260 ## - PUBLICATION, DISTRIBUTION, ETC. (IMPRINT) | |
| Place of publication | Enfield, NH : |
| Name of publisher | Science Publishers, |
| Year of publication | c2006. |
| 300 ## - PHYSICAL DESCRIPTION | |
| Number of Pages | xv, 411 p. : |
| Other physical details | ill., maps ; |
| Dimensions | 25 cm. |
| 500 ## - GENERAL NOTE | |
| General note | Rev. translation of: Cartographies des sols. 1996. |
| 650 #0 - SUBJECT ADDED ENTRY--TOPICAL TERM | |
| Topical Term | Soil mapping. |
| 942 ## - ADDED ENTRY ELEMENTS (KOHA) | |
| Koha item type | សៀវភៅភាសាបារាំង |
| 952 ## - LOCATION AND ITEM INFORMATION (KOHA) | |
| Withdrawn status [LOCAL, KOHA] | 0 |
| Permanent Location | Date acquired | Koha item type | Lost status | Shelving location | Barcode | Current Location | Full call number |
|---|---|---|---|---|---|---|---|
| Library Block A | 2018-03-27 | សៀវភៅភាសាបារាំង | A107 | A21114 | Library Block A | 631 SCI 2006 A107 Or. |